000 00282nam a22001337a 4500
008 170407b xxu||||| |||| 00| 0 eng d
020 _a9780781754897
041 _aeng
080 _23RD
_a616
100 _a9
101 _aSHM
245 _aPATHOLOGY
_cWERNER, R
942 _2udc
_cBK
999 _c10256
_d10256